Hỏi và đáp nhà nước và pháp luật: (Dùng cho học viên các hệ đào tạo lý luận chính trị và sinh viên các trường Đại học, Cao Đẳng)
Nội dung sách gồm 84 câu hỏi và trả lời các vấn đề về nhà nước và pháp luật nước cộng hoà Xã hội chủ nghĩa Việt Nam)
Wedi'i Gadw mewn:
| Prif Awdur: | |
|---|---|
| Fformat: | Llyfr |
| Iaith: | Undetermined |
| Cyhoeddwyd: |
Hà Nội
Chính trị - Hành chính
2008
|
| Pynciau: | |
| Tagiau: |
Ychwanegu Tag
Dim Tagiau, Byddwch y cyntaf i dagio'r cofnod hwn!
|
| Thư viện lưu trữ: | Trung tâm Học liệu Trường Đại học Cần Thơ |
|---|
| LEADER | 01053nam a2200229Ia 4500 | ||
|---|---|---|---|
| 001 | CTU_142234 | ||
| 008 | 210402s9999 xx 000 0 und d | ||
| 020 | |c 16500 | ||
| 082 | |a 351.597 | ||
| 082 | |b C506 | ||
| 100 | |a Trần, Thị Cúc | ||
| 245 | 0 | |a Hỏi và đáp nhà nước và pháp luật: | |
| 245 | 0 | |b (Dùng cho học viên các hệ đào tạo lý luận chính trị và sinh viên các trường Đại học, Cao Đẳng) | |
| 245 | 0 | |c Trần Thị Cúc, Nguyễn Thị Phượng | |
| 260 | |a Hà Nội | ||
| 260 | |b Chính trị - Hành chính | ||
| 260 | |c 2008 | ||
| 520 | |a Nội dung sách gồm 84 câu hỏi và trả lời các vấn đề về nhà nước và pháp luật nước cộng hoà Xã hội chủ nghĩa Việt Nam) | ||
| 650 | |a Administrative law,Political and governmental studies,Luật hành chính Việt Nam | ||
| 650 | |z Vietnam | ||
| 904 | |i Năm | ||
| 980 | |a Trung tâm Học liệu Trường Đại học Cần Thơ | ||